=LDR 00000nam 2200000 4500 =001 INLIS000000000002518 =005 20130612090841 =008 ***********************************Ind** =035 ##$$0010-061300000002518 =041 ##$$a Ind =082 ##$$a 616.857 =090 ##$$a 616.857, Ros m =100 ##$$a Rose, Clifford =245 ##$$a Migrain, Clifford Rose; Alih bahasa, Djaja Surja Atmadja =260 ##$$a 1993 $b Jakarta =300 ##$$a viii,111 hlm, ilus, 20 cm =650 ##$$a Migren =700 ##$$a Atmaja, Jaya Surya =850 ##$$a NBPNMAT